Rozpoznaj Znaki Zakazu - Statystyki

Ogólne statystyki
  • Ten quiz został rozwiązany 175 razy
  • Średni wynik to 9 z 46
Statystyki odpowiedzi
Obrazkowy Odpowiedź % Poprawnych
Stop
79%
Zakaz Wjazdu
77%
Zakaz Ruchu w Obu Kierunkach
55%
Zakaz Zawracania
48%
Zakaz Wyprzedzania
47%
Zakaz Skręcania w Lewo
40%
Zakaz Skręcania w Prawo
39%
Zakaz Postoju
35%
Koniec Zakazu Wyprzedzania
32%
Ograniczenie Prędkości
32%
Zakaz Wjazdu Rowerów
29%
Koniec Zakazu Zawracania
27%
Zakaz Zatrzymywania Się
27%
Zakaz Wjazdu Motocykli
26%
Zakaz Wjazdu Autobusów
21%
Koniec Ograniczenia Prędkości
19%
Zakaz Postoju w Dni Nieparzyste
19%
Zakaz Postoju w Dni Parzyste
19%
Zakaz Ruchu Pieszych
19%
Zakaz Wjazdu Motorowerów
19%
Koniec Zakazów
18%
Zakaz Wjazdu Pojazdów, które Mogą Skazić Wodę
16%
Zakaz Wjazdu Pojazdów o Szerokości Ponad ...m
15%
Zakaz Używania Sygnałów Dźwiękowych
13%
Zakaz Wjazdu Pojazdów o Wysokości Ponad ...m
13%
Zakaz Wjazdu Samochodów Ciężarowych
11%
Koniec Strefy Ograniczonej Prędkości
10%
Strefa Ograniczonej Prędkości
10%
Zakaz Wjazdu Wózków Ręcznych
10%
Zakaz Wjazdu Wózków Rowerowych
10%
Zakaz Wyprzedzania przez Samochody Ciężąrowe
10%
Zakaz Wjazdu Ciągników Rolniczych
8%
Zakaz Wjazdu Pojazdów Silnikowych, z Wyjątkiem Motocykli Jednośladowych
8%
Koniec Strefy Ograniczonego Postoju
6%
Zakaz Wjazdu Pojazdów o Długości Ponad...m
6%
Koniec Zakazu Wyprzedzania przez Samochody Ciężarowe
5%
Stój-Kontrola Celna
5%
Zakaz Wjazdu Pojazdów Silnikowych z Przyczepą
5%
Pierwszeństwo dla Nadjeżdżających z Przeciwka
3%
Strefa Ograniczonego Postoju
3%
Zakaz Wjazdu Pojazdów o Rzeczywistej Masie Całkowitej Ponad ...t
3%
Zakaz Wjazdu Pojazdów Zaprzęgowych
3%
Zakaz Wjazdu Pojazdów z Towarami Niebezpiecznymi
3%
Zakaz Wjazdu Pojazdów z Towarami Wybuchowymi lub Łatwo Zapalnymi
3%
Koniec Zakazu Używania Zakazów Dźwiękowych
2%
Zakaz Wjazdu Pojazdów o Nacisku Pojedynczej Osi Napędowej Powyżej ...t
2%
Nie znaleziono quizów pasujących do podanych kryteriów
Rozkład punktacji
Procent ludzi z każdym wynikiem
Percentyl według liczby udzielonych odpowiedzi
Twoja historia wyników
Nie rozwiązałeś tego quizu